| 000 | 00633nam a22002177a 4500 | ||
|---|---|---|---|
| 999 |
_c5147 _d5147 |
||
| 003 | AR-CdUCM | ||
| 008 | 190312b ||||| |||| 00| 0 spa d | ||
| 040 |
_aMUNICIPALIDAD PROVINCIAL DEL CUSCO _cBIBLIOTECA MUNICIPAL DEL CUSCO |
||
| 082 |
_a869.56 / _bCH23 |
||
| 100 |
_aChariarse, Leopoldo _95864 |
||
| 245 | _aHimnos / | ||
| 260 |
_aLima : _bUniversidad de Lima, |
||
| 300 | _c21 cm. | ||
| 500 | _aDonación de la familia Nieto. | ||
| 505 | _aContenido :Himnos. | ||
| 650 |
_aPoesías peruanas _91481 |
||
| 650 |
_aPoesías del siglo xx _915637 |
||
| 650 |
_aLiteratura peruana _9169 |
||
| 942 |
_2ddc _cLIBROS |
||
| 945 | _arum | ||